[Event "FIN-chT1B 1819"]
[Site "Finland"]
[Date "2019.04.06"]
[Round "7.3"]
[White "Tuominen, Joona"]
[Black "Hartikainen, Jarmo"]
[Result "1/2-1/2"]
[WhiteElo "1930"]
[BlackElo "2165"]
[PlyCount "47"]
[EventDate "2018.09.15"]
[EventType "team-tourn"]
[EventRounds "7"]
[EventCountry "FIN"]
[SourceTitle "EXT 2020"]
[Source "ChessBase"]
[SourceDate "2019.10.17"]
[SourceVersion "1"]
[SourceVersionDate "2019.10.17"]
[SourceQuality "1"]
[WhiteTeam "Lahti S"]
[BlackTeam "Kuopio KSY"]
[WhiteTeamCountry "FIN"]
[BlackTeamCountry "FIN"]

1. Nf3 Nf6 2. c4 g6 3. g3 Bg7 4. Bg2 0-0 5. 0-0 d6 6. d4 Nc6 7. Nc3 e5 8. dxe5 dxe5 9. Bg5 Qxd1 10. Raxd1 h6 11. Bxf6 Bxf6 12. Nd5 Bd8 13. h3 Re8 14. e4 Be6 15. Rd2 f5 16. exf5 gxf5 17. Re1 e4 18. Nd4 Bg5 19. Rdd1 Bxd5 20. cxd5 Nxd4 21. Rxd4 Rad8 22. Rc4 Rxd5 23. Rxc7 Re7 24. Rxe7 1/2-1/2

[Event "FIN-chT1B 1819"]
[Site "Finland"]
[Date "2018.11.11"]
[Round "3.5"]
[White "Lappalainen, Sasu"]
[Black "Tuominen, Joona"]
[Result "0-1"]
[WhiteElo "2027"]
[BlackElo "1930"]
[PlyCount "36"]
[EventDate "2018.09.15"]
[EventType "team-tourn"]
[EventRounds "7"]
[EventCountry "FIN"]
[SourceTitle "EXT 2020"]
[Source "ChessBase"]
[SourceDate "2019.10.17"]
[SourceVersion "1"]
[SourceVersionDate "2019.10.17"]
[SourceQuality "1"]
[WhiteTeam "Vantaa Gambitti"]
[BlackTeam "Lahti S"]
[WhiteTeamCountry "FIN"]
[BlackTeamCountry "FIN"]

1. e4 Nc6 2. Nc3 Nf6 3. Bb5 Nd4 4. e5 Nxb5 5. Nxb5 Nd5 6. Qf3 e6 7. Qg3 a6 8. Na3 d6 9. Nf3 dxe5 10. Nxe5 f6 11. Nf3 Qd7 12. b3 Bd6 13. Qh4 Nf4 14. Rg1 g5 15. Nxg5 fxg5 16. Qxg5 Qf7 17. Bb2 Rg8 18. Qh4 Be7 0-1

[Event "FIN-chT1B 1617"]
[Site "Finland"]
[Date "2017.01.14"]
[Round "5.5"]
[White "Tuominen, Joona"]
[Black "Lindholm, Tommi"]
[Result "0-1"]
[WhiteElo "1895"]
[BlackElo "1917"]
[PlyCount "92"]
[EventDate "2016.09.17"]
[EventType "team-tourn"]
[EventRounds "7"]
[EventCountry "FIN"]
[SourceTitle "EXT 2019"]
[Source "ChessBase"]
[SourceDate "2018.10.10"]
[SourceVersion "1"]
[SourceVersionDate "2018.10.10"]
[SourceQuality "1"]
[WhiteTeam "Lahti S"]
[BlackTeam "Tampere Tammer III"]
[WhiteTeamCountry "FIN"]
[BlackTeamCountry "FIN"]

1. Nf3 Nf6 2. c4 g6 3. g3 Bg7 4. Bg2 0-0 5. 0-0 d6 6. d4 Nbd7 7. Nc3 e5 8. dxe5 dxe5 9. Bg5 c6 10. Qd2 Qc7 11. Rad1 Nc5 12. Qe3 Ne6 13. Bxf6 Bxf6 14. Ne4 Bg7 15. Rd2 f5 16. Nc5 f4 17. Nxe6 Bxe6 18. Qc5 b6 19. Qb4 c5 20. Qa4 Rad8 21. Rxd8 Rxd8 22. Ng5 Bf7 23. Bd5 Bxd5 24. cxd5 Qe7 25. Ne6 Rxd5 26. Nxg7 Kxg7 27. Rd1 Rxd1+ 28. Qxd1 g5 29. Qd5 Qc7 30. gxf4 gxf4 31. Kg2 Kf6 32. e3 fxe3 33. fxe3 Qg7+ 34. Kf2 Qf7 35. Qd6+ Kf5 36. Kf3 Qh5+ 37. Kg3 Qg6+ 38. Qxg6+ hxg6 39. h4 c4 40. Kf3 b5 41. e4+ Ke6 42. Ke3 Kd6 43. a3 a5 44. Kf3 b4 45. Kg4 Ke6 46. Kg5 Kf7 0-1

[Event "FIN-chT2 Gp3 1516"]
[Site "Finland"]
[Date "2015.10.10"]
[Round "2.5"]
[White "Halmesvirta, Anssi"]
[Black "Tuominen, Joona"]
[Result "0-1"]
[WhiteElo "1868"]
[BlackElo "1860"]
[PlyCount "96"]
[EventDate "2015.09.12"]
[EventType "team-tourn"]
[EventRounds "6"]
[EventCountry "FIN"]
[SourceTitle "EXT 2017"]
[Source "ChessBase"]
[SourceDate "2016.10.25"]
[SourceVersion "1"]
[SourceVersionDate "2016.10.25"]
[SourceQuality "1"]
[WhiteTeam "Jyvaskyla JyS II"]
[BlackTeam "Lahti S"]
[WhiteTeamCountry "FIN"]
[BlackTeamCountry "FIN"]

1. e4 Nc6 2. Nf3 d5 3. exd5 Qxd5 4. Nc3 Qa5 5. g3 Bg4 6. Bg2 0-0-0 7. 0-0 Qh5 8. Re1 Nd4 9. Re3 Nf6 10. h3 Bxf3 11. Rxf3 Nxf3+ 12. Qxf3 Qxf3 13. Bxf3 e5 14. d3 c6 15. Be3 Kb8 16. a3 Nd5 17. Bd2 Nxc3 18. Bxc3 f6 19. Kg2 Bc5 20. Re1 Bd4 21. Bxd4 Rxd4 22. g4 Kc7 23. Kg3 Re8 24. Be4 g6 25. Re3 Rd7 26. Re2 Rf7 27. Bf3 f5 28. Kg2 Rfe7 29. Kf1 Kd6 30. Re3 e4 31. dxe4 fxe4 32. Be2 Rf8 33. Bd1 Kd5 34. Kg2 Ref7 35. Re2 Rf6 36. c3 Rd6 37. Bc2 Rf4 38. Bb3+ Kc5 39. Bc2 Re6 40. Bb3 Re7 41. Ba2 g5 42. Bb3 a5 43. Bc2 Kc4 44. Re3 h6 45. b3+ Kc5 46. a4 Rf3 47. Rxf3 exf3+ 48. Kxf3 Re1 0-1

[Event "Vierumaki We LahS"]
[Site "Vierumaki"]
[Date "2014.10.05"]
[Round "5"]
[White "Tuominen, Joona"]
[Black "Lehtosaari, Mauri"]
[Result "1/2-1/2"]
[WhiteElo "1857"]
[BlackElo "2197"]
[PlyCount "127"]
[EventDate "2014.10.03"]
[EventType "swiss"]
[EventRounds "5"]
[EventCountry "FIN"]
[SourceTitle "EXT 2022"]
[Source "ChessBase"]
[SourceDate "2021.10.06"]
[SourceVersion "1"]
[SourceVersionDate "2021.10.06"]
[SourceQuality "1"]

1. Nf3 c5 2. c4 g6 3. d4 cxd4 4. Nxd4 Bg7 5. Nc3 Nc6 6. Nxc6 bxc6 7. e4 d6 8. Be2 Nf6 9. 0-0 0-0 10. Bf4 Nd7 11. Qd2 Nc5 12. Bh6 Qb6 13. Bxg7 Kxg7 14. b3 Ne6 15. Rad1 c5 16. Nd5 Qb7 17. f4 Nd4 18. f5 f6 19. Bd3 e6 20. fxe6 Nxe6 21. Qf2 Nd4 22. Qh4 g5 23. Qh5 Qf7 24. Nxf6 Qxh5 25. Nxh5+ Kg8 26. Rxf8+ Kxf8 27. Rf1+ Ke7 28. Nf6 Be6 29. Nxh7 g4 30. Nf6 a5 31. Nd5+ Bxd5 32. exd5 a4 33. Bg6 Rg8 34. Rf7+ Kd8 35. Bf5 axb3 36. axb3 Rg5 37. Be6 g3 38. hxg3 Rxg3 39. Rd7+ Ke8 40. Rxd6 Rxb3 41. Bc8 Rc3 42. Ba6 Ke7 43. Rh6 Ra3 44. g4 Rg3+ 45. Kf2 Rxg4 46. Bc8 Rf4+ 47. Ke3 Rf6 48. Rxf6 Kxf6 49. d6 Ke5 50. d7 Ne6 51. Ba6 Kd6 52. Bb5 Kc7 53. Ke4 Nf8 54. Kd5 Nxd7 55. Bxd7 Kxd7 56. Kxc5 Kc7 57. Kd5 Kd7 58. c5 Kc7 59. c6 Kc8 60. Kc5 Kc7 61. Kb5 Kc8 62. Kb6 Kb8 63. c7+ Kc8 64. Kc6 1/2-1/2

[Event "Vierumaki We LahS"]
[Site "Vierumaki"]
[Date "2014.10.04"]
[Round "2"]
[White "Tuominen, Joona"]
[Black "Heinola, Vesa Pekka"]
[Result "0-1"]
[WhiteElo "1857"]
[BlackElo "2215"]
[PlyCount "58"]
[EventDate "2014.10.03"]
[EventType "swiss"]
[EventRounds "5"]
[EventCountry "FIN"]
[SourceTitle "EXT 2022"]
[Source "ChessBase"]
[SourceDate "2021.10.06"]
[SourceVersion "1"]
[SourceVersionDate "2021.10.06"]
[SourceQuality "1"]

1. Nf3 d5 2. c4 d4 3. b4 g6 4. Bb2 Bg7 5. e3 e5 6. exd4 exd4 7. d3 Ne7 8. g3 0-0 9. Bg2 Nec6 10. b5 Re8+ 11. Kf1 Ne5 12. Nxe5 Bxe5 13. Nd2 c5 14. Ne4 Nd7 15. Qd2 a6 16. a4 axb5 17. axb5 Rxa1+ 18. Bxa1 Bc7 19. f4 Ba5 20. Qa2 f5 21. Nd6 Re1+ 22. Kf2 Qe7 23. Bd5+ Kg7 24. Rxe1 Qxe1+ 25. Kg2 Nf6 26. Nxc8 Ng4 27. Bxd4+ cxd4 28. Bxb7 Ne3+ 29. Kh3 Qd1 0-1

[Event "Helsinki We EtVaS 40 Group A"]
[Site "Helsinki"]
[Date "2014.05.18"]
[Round "4"]
[White "Kugappi, Tomi"]
[Black "Tuominen, Joona"]
[Result "1/2-1/2"]
[WhiteElo "1708"]
[BlackElo "1856"]
[PlyCount "20"]
[EventDate "2014.05.16"]
[EventType "swiss"]
[EventRounds "5"]
[EventCountry "FIN"]
[SourceTitle "EXT 2022"]
[Source "ChessBase"]
[SourceDate "2021.10.06"]
[SourceVersion "1"]
[SourceVersionDate "2021.10.06"]
[SourceQuality "1"]

1. e4 e6 2. d4 d5 3. exd5 exd5 4. Bd3 Nc6 5. c3 Bd6 6. Nf3 Nf6 7. Bg5 h6 8. Bh4 0-0 9. 0-0 Re8 10. Nbd2 Be6 1/2-1/2

[Event "Helsinki We EtVaS 40 Group A"]
[Site "Helsinki"]
[Date "2014.05.18"]
[Round "5"]
[White "Tuominen, Joona"]
[Black "Auvinen, Esa"]
[Result "1-0"]
[WhiteElo "1856"]
[BlackElo "1962"]
[PlyCount "45"]
[EventDate "2014.05.16"]
[EventType "swiss"]
[EventRounds "5"]
[EventCountry "FIN"]
[SourceTitle "EXT 2022"]
[Source "ChessBase"]
[SourceDate "2021.10.06"]
[SourceVersion "1"]
[SourceVersionDate "2021.10.06"]
[SourceQuality "1"]

1. Nf3 d5 2. c4 e6 3. g3 Nf6 4. Bg2 Be7 5. 0-0 0-0 6. b3 b6 7. Bb2 Bb7 8. d4 c5 9. cxd5 Bxd5 10. Nc3 Bb7 11. e3 cxd4 12. Nxd4 Bxg2 13. Kxg2 Qd7 14. Qf3 Na6 15. Rfd1 Bc5 16. Nf5 Qc8 17. Nxg7 Be7 18. Ne4 Nxe4 19. Qxe4 Rd8 20. Nh5 Qc5 21. Nf6+ Bxf6 22. Bxf6 Rd5 23. Qg4+ 1-0

[Event "Helsinki We HSL 6th"]
[Site "Helsinki"]
[Date "2014.??.??"]
[Round "4"]
[White "Kugappi, Tomi"]
[Black "Tuominen, Joona"]
[Result "1/2-1/2"]
[WhiteElo "1708"]
[BlackElo "1856"]
[PlyCount "56"]
[EventDate "2014.??.??"]
[EventType "swiss"]
[EventRounds "5"]
[EventCountry "FIN"]
[SourceTitle "EXT 2022"]
[Source "ChessBase"]
[SourceDate "2021.10.06"]
[SourceVersion "1"]
[SourceVersionDate "2021.10.06"]
[SourceQuality "1"]

1. e4 Nc6 2. Nc3 e5 3. g3 Nf6 4. Bg2 Bc5 5. Nge2 0-0 6. 0-0 a6 7. h3 d6 8. Kh2 Ne8 9. f4 f5 10. d3 Ba7 11. fxe5 dxe5 12. exf5 Rxf5 13. Ne4 Nd6 14. Bg5 Qe8 15. Qd2 Qg6 16. g4 Rxf1 17. Rxf1 Bd7 18. N2c3 Rf8 19. Rxf8+ Kxf8 20. Nd5 Nxe4 21. dxe4 Qf7 22. Nxc7 Nd4 23. Qb4+ Kg8 24. Qxb7 Qf2 25. Qd5+ Ne6 26. Bd2 Qg1+ 27. Kg3 Qf2+ 28. Kh2 Qg1+ 1/2-1/2

[Event "Vierumaki We LahS 20"]
[Site "Vierumaki"]
[Date "2013.??.??"]
[Round "5"]
[White "Lehtinen, Tero"]
[Black "Tuominen, Joona"]
[Result "1/2-1/2"]
[WhiteElo "1787"]
[BlackElo "1875"]
[PlyCount "111"]
[EventDate "2013.??.??"]
[EventType "swiss"]
[EventRounds "5"]
[EventCountry "FIN"]
[SourceTitle "EXT 2022"]
[Source "ChessBase"]
[SourceDate "2021.10.06"]
[SourceVersion "1"]
[SourceVersionDate "2021.10.06"]
[SourceQuality "1"]

1. e4 e6 2. d4 d5 3. Nd2 Nc6 4. c3 e5 5. Bb5 exd4 6. Ne2 dxc3 7. Nxc3 d4 8. Ne2 Bd7 9. 0-0 a6 10. Ba4 b5 11. Bc2 Nf6 12. Nb3 Bd6 13. f4 Ng4 14. Nexd4 Nxd4 15. Qxd4 0-0 16. h3 Nh6 17. e5 Be7 18. f5 Bc6 19. Qxd8 Rfxd8 20. g4 Kh8 21. Be3 Ng8 22. Nd2 Bd5 23. Ne4 a5 24. Ng5 h6 25. Ne4 Rac8 26. g5 Bxe4 27. Bxe4 Bxg5 28. Bxg5 hxg5 29. h4 Rd4 30. Rae1 gxh4 31. Rf4 Re8 32. Rxh4+ Nh6 33. e6 fxe6 34. f6 Rf8 35. fxg7+ Kxg7 36. Kh1 Nf5 37. Rg4+ Kf6 38. Bxf5 Rd2 39. Bxe6 Rh8+ 40. Kg1 Rxb2 41. Rf4+ Kg5 42. Ref1 Rhh2 43. Rf5+ Kg6 44. Rf6+ Kg7 45. Rf7+ Kg6 46. R1f6+ Kg5 47. Rf5+ Kg6 48. R7f6+ Kg7 49. Rf2 Rhxf2 50. Rxf2 Rb1+ 51. Rf1 Rb2 52. Rf7+ Kg6 53. Rxc7 Kf6 54. Bg8 Ke5 55. Rd7 a4 56. Kf1 1/2-1/2

[Event "Vierumaki We LahS 20"]
[Site "Vierumaki"]
[Date "2013.??.??"]
[Round "1"]
[White "Marjusaari, Eero"]
[Black "Tuominen, Joona"]
[Result "1-0"]
[WhiteElo "2064"]
[BlackElo "1875"]
[PlyCount "75"]
[EventDate "2013.??.??"]
[EventType "swiss"]
[EventRounds "5"]
[EventCountry "FIN"]
[SourceTitle "EXT 2022"]
[Source "ChessBase"]
[SourceDate "2021.10.06"]
[SourceVersion "1"]
[SourceVersionDate "2021.10.06"]
[SourceQuality "1"]

1. e4 e6 2. d4 d5 3. Nc3 Nf6 4. Bg5 Be7 5. e5 Nfd7 6. Bxe7 Qxe7 7. f4 a6 8. Nf3 c5 9. dxc5 Nxc5 10. Qd2 Nc6 11. 0-0-0 b5 12. Bd3 Bd7 13. Kb1 b4 14. Ne2 Nxd3 15. cxd3 f5 16. Rc1 0-0 17. Rhg1 Na7 18. g4 Rac8 19. Rxc8 Nxc8 20. gxf5 Rxf5 21. Ng3 Rf8 22. Nh5 g6 23. Nf6+ Kg7 24. h4 Be8 25. Rc1 Bb5 26. Ng5 h6 27. Rc7 hxg5 28. Rxe7+ Nxe7 29. Qxb4 Bxd3+ 30. Kc1 Nf5 31. Qb7+ Rf7 32. Ne8+ Kf8 33. Qb8 Ne7 34. Nc7+ Kg7 35. Nxe6+ Kh6 36. Qh8+ Rh7 37. hxg5+ Kh5 38. Qxh7+ 1-0

[Event "Vierumaki We LahS 20"]
[Site "Vierumaki"]
[Date "2013.??.??"]
[Round "3"]
[White "Tuominen, Joona"]
[Black "Vehkalahti, Veli"]
[Result "1/2-1/2"]
[WhiteElo "1875"]
[BlackElo "2009"]
[PlyCount "84"]
[EventDate "2013.??.??"]
[EventType "swiss"]
[EventRounds "5"]
[EventCountry "FIN"]
[SourceTitle "EXT 2022"]
[Source "ChessBase"]
[SourceDate "2021.10.06"]
[SourceVersion "1"]
[SourceVersionDate "2021.10.06"]
[SourceQuality "1"]

1. Nf3 Nf6 2. g3 g6 3. c4 Bg7 4. Bg2 c5 5. 0-0 0-0 6. Nc3 Nc6 7. d4 cxd4 8. Nxd4 Qb6 9. Nb3 d6 10. Bg5 Be6 11. Nd5 Bxd5 12. cxd5 Na5 13. Nxa5 Qxa5 14. Qb3 Qa6 15. Bf3 Rac8 16. Rfc1 h6 17. Be3 Nd7 18. Rxc8 Rxc8 19. a4 Ne5 20. Qb5 Nc4 21. Qd7 b6 22. Qxe7 Bxb2 23. Ra2 Nxe3 24. Qxe3 Bg7 25. Be4 Qa5 26. Qb3 Rc1+ 27. Kg2 Qe1 28. Bd3 Qf1+ 29. Kf3 Qh1+ 30. Ke3 Qxh2 31. Qb4 Be5 32. Qg4 Rc3 33. Rc2 Rxc2 34. Bxc2 Qh1 35. Bxg6 Qc1+ 36. Kf3 fxg6 37. Qxg6+ Bg7 38. Qe6+ Kh7 39. Qe4+ Kh8 40. Qe8+ Kh7 41. Qe4+ Kh8 42. Qe8+ Kh7 1/2-1/2

[Event "Helsinki We HSK 5th"]
[Site "Helsinki"]
[Date "2012.??.??"]
[Round "2"]
[White "Haanpaa, Jorma"]
[Black "Tuominen, Joona"]
[Result "1-0"]
[WhiteElo "2018"]
[BlackElo "1866"]
[PlyCount "81"]
[EventDate "2012.??.??"]
[EventType "swiss"]
[EventRounds "5"]
[EventCountry "FIN"]
[SourceTitle "EXT 2022"]
[Source "ChessBase"]
[SourceDate "2021.10.06"]
[SourceVersion "1"]
[SourceVersionDate "2021.10.06"]
[SourceQuality "1"]

1. e4 e6 2. d4 d5 3. Nc3 Nf6 4. e5 Nfd7 5. Nf3 c5 6. Bb5 Nc6 7. Bxc6 bxc6 8. 0-0 cxd4 9. Qxd4 c5 10. Qg4 h5 11. Qg3 Rb8 12. a3 Bb7 13. Re1 g6 14. Bg5 Be7 15. Nb5 0-0 16. Nd6 Bxg5 17. Nxg5 Kg7 18. Ndxf7 Qe7 19. Nd6 Bc6 20. b3 d4 21. h4 Nb6 22. Nh3 Nd5 23. Ne4 Ne3 24. fxe3 Bxe4 25. exd4 Bxc2 26. Qc3 Bxb3 27. dxc5 Qxh4 28. Rf1 Bd5 29. c6 Qe4 30. Qg3 Rxf1+ 31. Rxf1 Bxc6 32. Rf6 Rb1+ 33. Kh2 Rb2 34. Nf4 Kh7 35. Rxg6 Rxg2+ 36. Qxg2 Qxf4+ 37. Qg3 Qd2+ 38. Kh3 Be8 39. Rg7+ Kh6 40. Rg8 Qg5 41. Rxg5 1-0

[Event "Helsinki We KapSK A"]
[Site "Helsinki"]
[Date "2011.11.12"]
[Round "2"]
[White "Tuominen, Joona"]
[Black "Tiihonen, Ilpo"]
[Result "0-1"]
[WhiteElo "1849"]
[BlackElo "1881"]
[PlyCount "90"]
[EventDate "2011.11.11"]
[EventType "swiss"]
[EventRounds "5"]
[EventCountry "FIN"]
[SourceTitle "EXT 2022"]
[Source "ChessBase"]
[SourceDate "2021.10.06"]
[SourceVersion "1"]
[SourceVersionDate "2021.10.06"]
[SourceQuality "1"]

1. Nf3 Nf6 2. c4 e6 3. g3 d5 4. Bg2 c6 5. b3 Be7 6. 0-0 0-0 7. Bb2 Nbd7 8. d3 b6 9. Nbd2 Bb7 10. e4 dxc4 11. dxc4 Nc5 12. e5 Nfe4 13. Nxe4 Nxe4 14. Qc2 Nc5 15. Rad1 Qc7 16. h4 h6 17. b4 Nd7 18. a3 a5 19. Bc3 axb4 20. axb4 Ra7 21. Ra1 Rfa8 22. Rxa7 Rxa7 23. Rd1 c5 24. b5 Bxf3 25. Bxf3 Nxe5 26. Be2 Nd7 27. Qe4 Nf6 28. Bxf6 Bxf6 29. Bd3 Bd4 30. Qh7+ Kf8 31. Kg2 Ra2 32. Rf1 f5 33. Bxf5 exf5 34. Qxf5+ Qf7 35. Qc8+ Qe8 36. Qf5+ Kg8 37. h5 Re2 38. Qd5+ Kh8 39. Qd6 Qe6 40. Qd8+ Kh7 41. Qf8 Qxc4 42. g4 Qe6 43. Kg3 Qf6 44. Qc8 Bxf2+ 45. Kg2 Bd4+ 0-1